000 00541nam a2200181Ia 4500
003 OSt
005 20260331101258.0
008 211028s2010 xx 000 0 und d
040 _cAIMIT LIBRARY
041 _aeng
082 _a658.8 DSOJ
100 _aDsouza, Joyson Sidny;Achar, Sumitha.
_g816083
_96616
245 _aTo ananlyse, optimize and forecast the inventory for mangala dinning pvt. ltd, Valencia Mangalore /
260 _bAchar, Sumitha
_c2010
600 _aMarketing
_96617
650 _aMarketing
_96618
942 _2ddc
_cPRO
999 _c218297
_d218297